ALLY'S WORLD (Record no. 6122)
[ view plain ]
| 000 -LEADER | |
|---|---|
| fixed length control field | 00801nam a22001817a 4500 |
| 020 ## - INTERNATIONAL STANDARD BOOK NUMBER | |
| ISBN | 0-439-99868-9 |
| 082 ## - DEWEY DECIMAL CLASSIFICATION NUMBER | |
| Classification number | 823 |
| Item number | MCO/P |
| 245 ## - TITLE STATEMENT | |
| Title | ALLY'S WORLD |
| 246 ## - VARYING FORM OF TITLE | |
| Title proper/short title | THE PAST, THE PRESENT LOUD, LOUD GIRL |
| 246 ## - VARYING FORM OF TITLE | |
| Title proper/short title | BOYS, BROTHERS JELLY-BELLY DANCING |
| 246 ## - VARYING FORM OF TITLE | |
| Title proper/short title | SISTORS SUPTER-CREEPS SLUSHY, CUSHY LOVE SONGS |
| 246 ## - VARYING FORM OF TITLE | |
| Title proper/short title | DAISY DAD, HUGE SMALL SURPRISE |
| 260 ## - PUBLICATION, DISTRIBUTION, ETC. (IMPRINT) | |
| Place of publication | UK |
| Name of publisher | SCHOLASTIC CHILDREN BOOKS |
| 300 ## - PHYSICAL DESCRIPTION | |
| Number of Pages | 196 |
| 520 ## - SUMMARY, ETC. | |
| Summary, etc | The Ally's World books are about a 13-year-old girl, Ally Love, who lives with her dad and an assortment of siblings/pets in Crouch End in London. The conceit of the novels is that she is writing to her mum, who walked out on the family when Ally was nine, so that if one day she comes back she can catch up quickly. |
| 650 ## - SUBJECT ADDED ENTRY--TOPICAL TERM | |
| Topical Term | SHORT STORY |
| 942 ## - ADDED ENTRY ELEMENTS (KOHA) | |
| Koha item type | Books |
| Withdrawn status | Lost status | Collection code | Home library | Current library | Shelving location | Date acquired | Source of acquisition | Full call number | Accession Number | Koha item type |
|---|---|---|---|---|---|---|---|---|---|---|
| Fiction | Main Library | Main Library | SHELF 15-K-CHILDREN'S STORYBOOKS | 12/03/2014 | Purchase | 823 MCO/P | 07629 | Books | ||
| Fiction | Main Library | Main Library | SHELF 15-K-CHILDREN'S STORYBOOKS | 28/01/2019 | Purchase | 823 MCO/P | 10723 | Books | ||
| Fiction | Main Library | Main Library | SHELF 15-K-CHILDREN'S STORYBOOKS | 19/03/2014 | Purchase | 823 MCO/P | 07973 | Books | ||
| Fiction | Main Library | Main Library | SHELF 15-K-CHILDREN'S STORYBOOKS | 12/03/2014 | Purchase | 823 MCO/P | 07628 | Books |